First report of Banaras Hindu University Campus health / (Record no. 69846)

MARC details
000 -LEADER
fixed length control field 00670cam a22002051i 4500
001 - CONTROL NUMBER
control field sa 66005185
003 - CONTROL NUMBER IDENTIFIER
control field DLC
005 - DATE AND TIME OF LATEST TRANSACTION
control field 20260227112248.0
008 - FIXED-LENGTH DATA ELEMENTS--GENERAL INFORMATION
fixed length control field 881202s1965 ii 000 0 eng
010 ## - LIBRARY OF CONGRESS CONTROL NUMBER
LC control number sa 66005185
035 ## - SYSTEM CONTROL NUMBER
System control number (OCoLC)18828653
040 ## - CATALOGING SOURCE
Original cataloging agency DLC
Transcribing agency ViU
Modifying agency DLC
042 ## - AUTHENTICATION CODE
Authentication code premarc
050 00 - LIBRARY OF CONGRESS CALL NUMBER
Classification number LB3498.H5
Item number M3
100 1# - MAIN ENTRY--PERSONAL NAME
Personal name Marwah, S. M.
245 10 - TITLE STATEMENT
Title First report of Banaras Hindu University Campus health /
Statement of responsibility, etc. by S. M. Marwah [and others].
260 ## - PUBLICATION, DISTRIBUTION, ETC.
Place of publication, distribution, etc. Varanasi :
Name of publisher, distributor, etc. Dept. of Social and Preventive Medicine, College of Medical Sciences,
Date of publication, distribution, etc. [1965]
300 ## - PHYSICAL DESCRIPTION
Extent 122 p. :
Other physical details ill., port ;
Dimensions 25 cm.
610 20 - SUBJECT ADDED ENTRY--CORPORATE NAME
Corporate name or jurisdiction name as entry element Banaras Hindu University
General subdivision Sanitary affairs.

No items available.

Powered by Koha